| 000 | 00695cam a2200229 a 4500 | ||
|---|---|---|---|
| 001 | 15370707 | ||
| 005 | 20180313044032.0 | ||
| 008 | 080717s2010 iau 001 0 eng | ||
| 010 | _a 2008031864 | ||
| 020 | _a9780073511085 (hard copy : alk. paper) | ||
| 020 | _a0073511080 (hard copy : alk. paper) | ||
| 040 |
_aDLC _cDLC _dDLC |
||
| 041 | _aeng | ||
| 080 | _a540 | ||
| 082 | 0 | 0 |
_a540 SIL _222 |
| 100 | 1 | _a12 | |
| 101 | _aKIM | ||
| 245 | 1 | 0 |
_aPrinciples of general chemistry / _cMartin S. Silberberg. |
| 906 |
_a7 _bcbc _corignew _d1 _eecip _f20 _gy-gencatlg |
||
| 942 |
_2ddc _cBK |
||
| 999 |
_c44809 _d44809 |
||